Pays de + 20 millions d'habitants - Mort subite - Statistiques

Statistiques générales
  • Ce quiz a été pris 126 fois
  • Le résultat moyen est 2 sur 12
Answers on the Grid
Answers color-coded by a green-red scale on the quiz's grid according to % correct below.
Kazakhstan
Zambie
Malawi
Sri Lanka
Burkina Faso
Taïwan
Syrie
Mali
Niger
Corée du Nord
Australie
Népal
Chili
Somalie
Roumanie
Guatemala
Pays-Bas
Sénégal
Équateur
Cambodge
Guinée
Bénin
Rwanda
Belgique
 
Statistiques - réponses
Réponse % Correct
Australie
48%
Niger
22%
Kazakhstan
20%
Népal
17%
Corée du Nord
16%
Mali
15%
Syrie
15%
Taïwan
10%
Sri Lanka
9%
Burkina Faso
7%
Zambie
6%
Malawi
1%
Aucun quiz correspondant
Distribution des résultats
% des personnes avec chaque résultat
Percentile par nombre de réponses
Votre historique - résultats
Vous n’avez pas pris ce quiz